[Event "Catarinense-ch sf3"]
[Site "Fraiburgo"]
[Date "2012.11.25"]
[Round "6.10"]
[White "Seidel, Sandra"]
[Black "Durante, Taina Seidel"]
[Result "0-1"]
[WhiteElo "1975"]
[BlackElo "1748"]
[PlyCount "101"]
[EventDate "2012.11.23"]
[EventType "swiss"]
[EventRounds "6"]
[EventCountry "BRA"]
[SourceTitle "EXT 2022"]
[Source "ChessBase"]
[SourceDate "2021.10.06"]
[SourceVersion "1"]
[SourceVersionDate "2021.10.06"]
[SourceQuality "1"]

1. d4 d5 2. Nf3 e6 3. Bf4 Nf6 4. a3 Nbd7 5. e3 a6 6. Nc3 c5 7. dxc5 Nxc5 8. Bd3 b5 9. 0-0 Bb7 10. Ne5 Ncd7 11. Ng4 Be7 12. Ne5 Nxe5 13. Bxe5 Bd6 14. f4 Qb6 15. Bxd6 Qxd6 16. Qf3 Qb6 17. Qf2 Ng4 18. Qg3 Qxe3+ 19. Qxe3 Nxe3 20. Rfe1 Nc4 21. b3 Nd6 22. f5 Kd7 23. fxe6+ fxe6 24. Re3 d4 25. Rg3 g6 26. Ne2 e5 27. c3 e4 28. Bxb5+ Nxb5 29. Nxd4 Nxd4 30. Rd1 Ke6 31. Rxd4 Rhd8 32. Rb4 Rab8 33. Kf2 Bc6 34. Rc4 Bd5 35. Ra4 Bb7 36. Rc4 Rbc8 37. Rb4 Rc7 38. c4 Kf5 39. h4 Rd2+ 40. Ke1 Rcd7 41. Rg5+ Kf4 42. Rd5 Bxd5 43. Kxd2 Bxc4+ 44. Ke1 Bd3 45. Kf2 Rc7 46. g3+ Kg4 47. Rb6 Rf7+ 48. Kg2 Bf1+ 49. Kg1 Kxg3 50. h5 Be2 51. hxg6 0-1

[Event "Catarinense-ch sf3"]
[Site "Fraiburgo"]
[Date "2012.11.24"]
[Round "4.10"]
[White "Seidel, Sandra"]
[Black "Moraes, Maurino Anastacio"]
[Result "0-1"]
[WhiteElo "1975"]
[BlackElo "1737"]
[PlyCount "54"]
[EventDate "2012.11.23"]
[EventType "swiss"]
[EventRounds "6"]
[EventCountry "BRA"]
[SourceTitle "EXT 2022"]
[Source "ChessBase"]
[SourceDate "2021.10.06"]
[SourceVersion "1"]
[SourceVersionDate "2021.10.06"]
[SourceQuality "1"]

1. d4 Nf6 2. Nf3 g6 3. Nc3 d5 4. Bg5 Bg7 5. Bxf6 Bxf6 6. e4 dxe4 7. Nxe4 Bg7 8. Bc4 0-0 9. c3 Bf5 10. Neg5 h6 11. Nxf7 Rxf7 12. Bxf7+ Kxf7 13. Qb3+ Be6 14. Qd1 Bc4 15. b3 Ba6 16. c4 Nc6 17. 0-0 Nxd4 18. Nxd4 Bxd4 19. Qf3+ Kg7 20. Rad1 c5 21. h4 Qd6 22. Rd3 Rf8 23. Qe2 b5 24. h5 bxc4 25. Rg3 Qxg3 26. Qxe7+ Rf7 27. Qxf7+ Kxf7 0-1

[Event "GER-chT8 LH-23 Br3 email"]
[Site "GER email"]
[Date "2009.10.09"]
[Round "?"]
[White "Jendrian, Michael"]
[Black "Seidel, Sandra"]
[Result "1-0"]
[WhiteElo "2097"]
[BlackElo "1987"]
[PlyCount "97"]
[EventDate "2009.10.15"]
[EventType "tourn (corr)"]
[EventRounds "8"]
[EventCountry "GER"]
[SourceTitle "Corr 2020"]
[Source "ChessBase"]
[SourceDate "2019.09.30"]
[SourceVersion "1"]
[SourceVersionDate "2019.09.30"]
[SourceQuality "1"]

1. d4 d5 2. c4 c6 3. Nf3 Nf6 4. e3 Bf5 5. Nc3 e6 6. Nh4 Bg6 7. Be2 Nbd7 8. 0-0 Bd6 9. g3 0-0 10. Nxg6 hxg6 11. Qb3 Qb8 12. Rd1 Re8 13. Bd2 Bf8 14. Qc2 Qd8 15. a3 Rc8 16. Be1 g5 17. e4 e5 18. exd5 cxd5 19. cxd5 exd4 20. Rxd4 Bc5 21. Rd2 g4 22. Qb3 Bb6 23. d6 Rc6 24. a4 a5 25. Rad1 Ne5 26. Nd5 Ne4 27. d7 Nxd7 28. Rc2 Rd6 29. Nxb6 Rxd1 30. Bxd1 Ndc5 31. Qb5 Nd6 32. Qf1 Qxb6 33. Bxg4 Nxa4 34. Bd7 Re4 35. Bxa4 Rxa4 36. Bc3 Ne4 37. Qd1 Qd6 38. Qxd6 Nxd6 39. Kg2 f6 40. Rd2 Ne4 41. Rd8+ Kh7 42. Bd4 Rc4 43. h4 Nc5 44. Rd6 b6 45. Bc3 a4 46. Rd4 Rxd4 47. Bxd4 Kg6 48. g4 Ne6 49. Bxb6 1-0

[Event "GER-chT8 LH-23 Br3 email"]
[Site "GER email"]
[Date "2009.10.09"]
[Round "?"]
[White "Seidel, Sandra"]
[Black "Gierth, Karlheinz"]
[Result "1/2-1/2"]
[WhiteElo "1987"]
[BlackElo "2077"]
[PlyCount "59"]
[EventDate "2009.10.15"]
[EventType "tourn (corr)"]
[EventRounds "8"]
[EventCountry "GER"]
[SourceTitle "Corr 2020"]
[Source "ChessBase"]
[SourceDate "2019.09.30"]
[SourceVersion "1"]
[SourceVersionDate "2019.09.30"]
[SourceQuality "1"]

1. Nf3 d5 2. d4 Nf6 3. c4 e6 4. Nc3 c5 5. cxd5 Nxd5 6. e4 Nxc3 7. bxc3 cxd4 8. cxd4 Nc6 9. Be2 Bb4+ 10. Bd2 Bxd2+ 11. Qxd2 Ne7 12. 0-0 0-0 13. a4 Bd7 14. Qe3 Rc8 15. a5 Nc6 16. Rfd1 Re8 17. Qa3 Qe7 18. Qb2 Rb8 19. Rdc1 Rec8 20. h3 Qd6 21. Rc5 h6 22. Rac1 b6 23. axb6 axb6 24. R5c2 Ne7 25. Rxc8+ Rxc8 26. Rxc8+ Bxc8 27. Ne5 Bb7 28. Bd3 Qd8 29. Bb1 Qc7 30. f3 1/2-1/2

[Event "Bad Woerishofen op 17th"]
[Site "Bad Woerishofen"]
[Date "2001.??.??"]
[Round "5"]
[White "Seidel, Sandra"]
[Black "Gossmann, Ewald J"]
[Result "1/2-1/2"]
[WhiteElo "1800"]
[BlackElo "2014"]
[PlyCount "29"]
[EventDate "2001.03.15"]
[EventType "swiss"]
[EventRounds "9"]
[EventCountry "GER"]
[SourceTitle "CBM 081 Extra"]
[Source "ChessBase"]
[SourceDate "2001.05.06"]
[SourceVersion "1"]
[SourceVersionDate "2001.05.06"]
[SourceQuality "1"]

1. d4 d5 2. Nf3 Nf6 3. e3 e6 4. Bd3 c5 5. c3 Nc6 6. Nbd2 Be7 7. 0-0 Qc7 8. dxc5 Bxc5 9. e4 dxe4 10. Nxe4 Nxe4 11. Bxe4 Be7 12. Bc2 b6 13. Ng5 h6 14. Ne4 Bb7 15. h3 1/2-1/2